Central Library OPAC University of Rajshahi

Rural women : (Record no. 1673)

MARC details
000 -LEADER
fixed length control field 01004nam a2200301 a 4500
001 - CONTROL NUMBER
control field 1673
003 - CONTROL NUMBER IDENTIFIER
rucl marc code BD-RJUL
005 - DATE AND TIME OF LATEST TRANSACTION
control field 20211208233403.0
008 - FIXED-LENGTH DATA ELEMENTS--GENERAL INFORMATION
fixed length control field 131208r19811980sz af b i000 0 eng d
020 ## - INTERNATIONAL STANDARD BOOK NUMBER
International Standard Book Number 9221023893 (pbk)
035 ## - SYSTEM CONTROL NUMBER
System control number (BD-RJUL)1700
040 ## - CATALOGING SOURCE
Original cataloging agency DLC
Transcribing agency DLC
Language of cataloging eng
041 ## - LANGUAGE CODE
Language code of text/sound track or separate title eng
082 ## - DEWEY DECIMAL CLASSIFICATION NUMBER
Edition number 23
Classification number 305.42
Author mark and year LOR 1981
100 1# - MAIN ENTRY--PERSONAL NAME
Personal name Loutfi, Martha Fetherolf.
9 (RLIN) 5544
245 10 - TITLE STATEMENT
Title Rural women :
Remainder of title unequal partners in development /
Statement of responsibility, etc. Martha Fetherolf Loutfi
260 ## - PUBLICATION, DISTRIBUTION, ETC. (IMPRINT)
Place of publication, distribution, etc. Geneva :
Name of publisher, distributor, etc. International Labour Office
Date of publication, distribution, etc. 1980 [Impression 1981]
300 ## - PHYSICAL DESCRIPTION
Pagination iii, 81 p. :
Illustrations ill. ;
Size 24 cm
490 ## - SERIES STATEMENT
Series statement WEP study
504 ## - BIBLIOGRAPHY, ETC. NOTE
Bibliography, etc Bibliography: p. 77-81
526 ## - STUDY PROGRAM INFORMATION NOTE
Requested Dept. SOCIOLOGY
650 #0 - SUBJECT ADDED ENTRY--TOPICAL TERM
Topical term or geographic name as entry element Rural women
Geographic subdivision Developing countries
General subdivision Economic conditions
9 (RLIN) 5545
Topical term or geographic name as entry element Rural women
Geographic subdivision Developing countries
General subdivision Social conditions
9 (RLIN) 5546
Topical term or geographic name as entry element Women in rural development
Geographic subdivision Developing countries
9 (RLIN) 5547
710 2# - ADDED ENTRY--CORPORATE NAME
Corporate name or jurisdiction name as entry element World Employment Programme.
9 (RLIN) 5548
830 #0 - SERIES ADDED ENTRY--UNIFORM TITLE
Uniform title WEP study
942 ## - ADDED ENTRY ELEMENTS (KOHA)
Source of classification or shelving scheme Dewey Decimal Classification
Koha item type Books
Holdings
Lost status Source of classification or shelving scheme Damaged status Not for loan Collection code Permanent Location Current Location Shelving location Date acquired Source of acquisition Cost, normal purchase price Total Checkouts Full call number Date last seen Copy number Koha item type
  Dewey Decimal Classification   Not For Loan Non-fiction Central Library, University of Rajshahi Central Library, University of Rajshahi Reading Room 31/07/1982 Heffer 3.15   305.42 LOR 1981 08/12/2013 C-1 Books
  Dewey Decimal Classification     Non-fiction Central Library, University of Rajshahi Central Library, University of Rajshahi   31/07/1982 Heffer 3.15   305.42 LOR 1981 18/12/2018 C-2 Books